000 00300 a2200109 4500
001 ART_27803
005 20260410161949.0
008 260409a
245 1 0 _aLa competencia de monedas
100 1 _aPontón, Rogelio T.
773 0 _tInvenio
_g- Año 1, Nº 2 (nov. 1998)
_wREV27781
999 _c30236
_d30236